Veřejné finance v teorii a praxi. 9.

Pokračovanie 15. kapitoly - Zásady daňovej incidencie. Incidencia pri všeobecnej rovnováhe. 16. kapitola - Nadmerné daňové bremeno a efektívny daňový systém. Náklady zdaňovania. 17. kapitola - Vplyv daní na výrobu. Ponukovo orientovaná projekcia. Dane a fungovanie ekonomiky. 5. časť - Daňový systém....

Ausführliche Beschreibung

Gespeichert in:
Bibliographische Detailangaben
1. Verfasser: Musgrave, R.A
Weitere Verfasser: Musgraveová, P.B
Format: Buchkapitel
Sprache:Tschechisch
Schlagworte:
Tags: Tag hinzufügen
Keine Tags, Fügen Sie das erste Tag hinzu!

MARC

LEADER 00000naa a2200000 4500
001 r013593
005 20221205075851.9
041 0 |a cze 
044 |a CZ 
245 1 0 |a Veřejné finance v teorii a praxi. 9.  |c R.A. Musgrave, P.B. Musgraveová 
520 |a Pokračovanie 15. kapitoly - Zásady daňovej incidencie. Incidencia pri všeobecnej rovnováhe. 16. kapitola - Nadmerné daňové bremeno a efektívny daňový systém. Náklady zdaňovania. 17. kapitola - Vplyv daní na výrobu. Ponukovo orientovaná projekcia. Dane a fungovanie ekonomiky. 5. časť - Daňový systém. 18. kapitola - Vývoj a skladba daňovej sústavy USA. 19. kapitola - Daň z individuálneho dôchodku: vymedzenie zdaniteľného dôchodku. Pokračovanie. 
610 2 0 |a dane 
610 2 0 |a dopad daňový 
610 2 0 |a rovnováha 
610 2 0 |a sústava daňová 
610 2 0 |a efektívnosť 
610 2 0 |a výroba 
610 2 0 |a ponuka 
610 2 0 |a USA 
100 1 |a Musgrave, R.A. 
700 1 |a Musgraveová, P.B.